El dolar y la crisis del Imperialismo / (Record no. 18511)

000 -CABECERA
fixed length control field 00748nam a22002057a 4500
003 - IDENTIFICADOR DEL NÚMERO DE CONTROL
control field AR-CdUCM
008 - DATOS DE LONGITUD FIJA--INFORMACIÓN GENERAL
fixed length control field 190514b ||||| |||| 00| 0 spa d
040 ## - FUENTE DE LA CATALOGACIÓN
Agencia/entidad que catalogó originalmente la obra MUNICIPALIDAD PROVINCIAL DEL CUSCO
Entidad que transcribió la catalogación BIBLIOTECA MUNICIPAL DEL CUSCO
082 ## - NÚMERO DE LA CLASIFICACIÓN DECIMAL DEWEY
No. de Clasificación 338.54 /
Notacion interna M27
100 ## - ENTRADA PRINCIPAL--NOMBRE DE PERSONA
Nombre Personal Mandel,Ernest
245 ## - MENCIÓN DE TÍTULO
Título El dolar y la crisis del Imperialismo /
260 ## - PUBLICACIÓN, DISTRIBUCIÓN, ETC.
Lugar de publicación, distribución, etc. Lima :
Nombre de la editorial, distribuidor, etc. Perugraph,
Fecha de publicación, distribución, etc. 1975.
300 ## - DESCRIPCIÓN FÍSICA
Nº de Páginas Extensión 264 paginas ;
Dimensiones 18 cm.
505 ## - NOTA DE CONTENIDO CON FORMATO
Nota de contenido formateada Contenido :El dolar y la crisis del imperialismo --La crisis del sistema monetario internacional --La inflación en la crisis del capitalismo monopólico ...
650 ## - PUNTO DE ACCESO ADICIONAL DE MATERIA--TÉRMINO DE MATERIA
Descriptor Dolar
9 (RLIN) 38629
650 ## - PUNTO DE ACCESO ADICIONAL DE MATERIA--TÉRMINO DE MATERIA
Descriptor Monopolio
9 (RLIN) 2677
650 ## - PUNTO DE ACCESO ADICIONAL DE MATERIA--TÉRMINO DE MATERIA
Descriptor Imperialismo
9 (RLIN) 3454
942 ## - ELEMENTOS DE PUNTO DE ACCESO ADICIONAL (KOHA)
Fuente de clasificación
Tipo de item Libros-BMC
945 ## - PROCESAMIENTO DE INFORMACIÓN LOCAL (OCLC)
Catalogador rjall
AAAA-MM-DD - Fecha de ingreso o modificacion 2019-05-14
Holdings
Estado de retiro (separado) Fuente de clasificación o esquema de estanterías Estado dañado Ubicación Sala donde se ubica Nombre de la colección Fecha de adquisición o compra Costo, precio normal en soles Signatura topográfica Código de Barras Última vez visto (Koha) Tipo de ítem (Koha)
No     Sala Humanidades Sala Humanidades Book Cart 2019-05-14 20.00 338.54 / M27 SH0000013156 2019-05-14 Libros-BMC

Powered by Koha